[Event "LSS SM-2009-0-00060"]
[Site "LSS email"]
[Date "2009.06.17"]
[Round "?"]
[White "Granda, Johnny"]
[Black "Budzyn, Roman"]
[Result "0-1"]
[WhiteElo "2289"]
[BlackElo "2259"]
[PlyCount "62"]
[EventDate "2009.05.04"]
[EventType "tourn (corr)"]
[EventRounds "6"]
[EventCountry "GER"]
[SourceTitle "Telechess CBM 137"]
[Source "ChessBase"]
[SourceDate "2010.07.15"]
[SourceVersion "1"]
[SourceVersionDate "2010.07.15"]
[SourceQuality "1"]

1. e4 e5 2. Nf3 Nc6 3. Bb5 a6 4. Ba4 Bd6 5. c3 b5 6. Bc2 Bb7 7. 0-0 Nf6 8. Re1 0-0 9. d4 h6 10. dxe5 Nxe5 11. Nxe5 Bxe5 12. f4 Bd6 13. e5 Bc5+ 14. Kh1 Nd5 15. Qd3 f5 16. Bb3 c6 17. Be3 Be7 18. Bxd5+ cxd5 19. Nd2 Rc8 20. Nb3 d4 21. Qxd4 Qe8 22. Rad1 Qg6 23. Rg1 Be4 24. Rd2 Rfd8 25. Qb6 Rc6 26. Qa5 Kh7 27. a4 Qg4 28. axb5 Rg6 29. Nc5 Bxc5 30. Bxc5 Rc8 31. bxa6 h5 0-1